England National Football Team Opponents 1950-1959 - Statistics

General Stats
  • This quiz has been taken 21 times
  • The average score is 73 of 83
Answer Stats
Modern Confederation Year + Result Country % Correct
CONCACAF 1950 1-0 L USA
100%
CONCACAF 1953 6-3 W USA
100%
CONCACAF 1959 8-1 W USA
100%
CONMEBOL 1951 2-1 W Argentina
94%
CONMEBOL 1956 4-2 W Brazil
94%
CONMEBOL 1958 0-0 D Brazil
94%
CONMEBOL 1959 2-0 L Brazil
94%
UEFA 1951 2-2 D France
94%
UEFA 1955 1-0 L France
94%
UEFA 1957 4-0 W France
94%
UEFA 1953 6-3 L Hungary
94%
UEFA 1954 7-1 L Hungary
94%
UEFA 1950 4-1 W Ireland
94%
UEFA 1951 2-0 W Ireland
94%
UEFA 1952 2-2 D Ireland
94%
UEFA 1953 3-1 W Ireland
94%
UEFA 1957 5-1 W Ireland
94%
UEFA 1957 1-1 D Ireland
94%
UEFA 1952 1-1 D Italy
94%
UEFA 1959 2-2 D Italy
94%
UEFA 1950 1-0 W Scotland
94%
UEFA 1951 3-2 L Scotland
94%
UEFA 1952 2-1 W Scotland
94%
UEFA 1953 2-2 D Scotland
94%
UEFA 1954 4-2 W Scotland
94%
UEFA 1955 7-2 W Scotland
94%
UEFA 1956 1-1 D Scotland
94%
UEFA 1957 2-1 W Scotland
94%
UEFA 1958 4-0 W Scotland
94%
UEFA 1959 1-0 W Scotland
94%
UEFA 1958 1-1 D Soviet Union
94%
UEFA 1958 2-2 D Soviet Union
94%
UEFA 1958 1-0 L Soviet Union
94%
UEFA 1958 5-0 W Soviet Union
94%
UEFA 1950 1-0 L Spain
94%
UEFA 1955 1-1 D Spain
94%
UEFA 1955 4-1 W Spain
94%
UEFA 1956 0-0 D Sweden
94%
UEFA 1959 3-2 L Sweden
94%
UEFA 1954 2-0 W Northern Ireland
88%
UEFA 1955 3-0 W Northern Ireland
88%
UEFA 1956 1-1 D Northern Ireland
88%
UEFA 1957 3-2 L Northern Ireland
88%
UEFA 1958 3-3 D Northern Ireland
88%
UEFA 1959 2-1 W Northern Ireland
88%
UEFA 1952 3-0 W Switzerland
88%
UEFA 1954 2-0 W Switzerland
88%
UEFA 1950 4-2 W Wales
88%
UEFA 1951 1-1 D Wales
88%
UEFA 1952 5-2 W Wales
88%
UEFA 1953 4-1 W Wales
88%
UEFA 1954 3-2 W Wales
88%
UEFA 1955 2-1 L Wales
88%
UEFA 1956 3-1 W Wales
88%
UEFA 1957 4-0 W Wales
88%
UEFA 1958 2-2 D Wales
88%
UEFA 1959 1-1 D Wales
88%
UEFA 1954 3-1 W West Germany
88%
UEFA 1956 3-1 W West Germany
88%
UEFA 1951 2-2 D Austria
81%
UEFA 1952 3-2 W Austria
81%
UEFA 1958 2-2 D Austria
81%
UEFA 1950 4-1 W Belgium
81%
UEFA 1952 5-0 W Belgium
81%
UEFA 1954 4-4 D Belgium
81%
UEFA 1955 5-1 W Denmark
81%
UEFA 1956 5-2 W Denmark
81%
UEFA 1957 4-1 W Denmark
81%
UEFA 1950 5-3 W Portugal
81%
UEFA 1951 5-2 W Portugal
81%
UEFA 1955 3-1 L Portugal
81%
UEFA 1958 2-1 W Portugal
81%
CONMEBOL 1953 2-1 L Uruguay
81%
CONMEBOL 1954 4-2 L Uruguay
81%
CONMEBOL 1950 2-0 W Chile
75%
CONMEBOL 1953 2-1 W Chile
75%
UEFA 1950 2-2 D Yugoslavia
75%
UEFA 1954 1-0 L Yugoslavia
75%
UEFA 1956 3-0 W Yugoslavia
75%
UEFA 1958 5-0 L Yugoslavia
75%
UEFA 1956 5-1 W Finland
69%
CONCACAF 1959 2-1 L Mexico
69%
CONMEBOL 1959 4-1 L Peru
69%
No matching quizzes found
Score Distribution
Percent of People with Each Score
Percentile by Number Answered
Your Score History
You have not taken this quiz